00768nam a2200229 a 450000100060000000300080000600500170001400800410003103500190007204000350009104100080012608200230013424500340015726000410019130000200023265000460025265000390029871000280033794200120036599900170037795201440039424658BD-RjUL20211209001059.0140315s1961 ii 000 0deng d a(BD-RjUL)24727 aBD-RjULbengcBD-RjULdBD-RjUL aeng a928.891bWHO 196100aWho's who of Indian writers / aNew Delhi :bSahitya Akademi,c1961. a410 p. ;c22 cm 0aIndic literaturevBio-bibliography975883 0aAuthors, IndicvDirectories9758842 aSahitya Akademi.975885 2ddccBK c24658d24658 00102ddc40728NFICaRUCLbRUCLcReadingd1969-05-15eZeitlingerg30.00l0o928.891 WHO 1961r2014-03-15 00:00:00tC-1w2014-03-15yBK